[Event "Agzamov Memorial 17th"]
[Site "Tashkent"]
[Date "2024.03.31"]
[Round "7"]
[White "Orozbaev, Eldiar"]
[Black "Tsaruk, Maksim"]
[Result "1/2-1/2"]
[WhiteElo "2325"]
[BlackElo "2480"]
[PlyCount "113"]
[EventDate "2024.03.27"]
[EventType "swiss"]
[EventRounds "10"]
[EventCountry "UZB"]
[SourceTitle "CB14_2024"]
[SourceDate "2024.04.01"]
[SourceVersion "1"]
[SourceVersionDate "2024.04.01"]
[SourceQuality "1"]

1. e4 e5 2. d4 exd4 3. Qxd4 Nc6 4. Qe3 g6 5. Nc3 Bg7 6. h4 d6 7. h5 Be6 8. Nh3 Bd4 9. Qg3 Qf6 10. Bb5 Nge7 11. Bg5 Qe5 12. Qxe5 Bxe5 13. f4 Bxc3+ 14. bxc3 h6 15. Bf6 Rg8 16. Nf2 a6 17. Bd3 gxh5 18. Rxh5 Rxg2 19. Kf1 Rg3 20. Rxh6 0-0-0 21. Bh4 Rgg8 22. f5 Bd7 23. Re1 Rde8 24. Rh7 Ne5 25. Bf6 N7c6 26. Re3 b5 27. Reh3 Kb7 28. a3 Kb6 29. Nd1 Nd8 30. Ne3 Bc6 31. R7h4 Nb7 32. Bxe5 dxe5 33. Ng4 Rg5 34. Nf6 Rd8 35. Rg4 Rxg4 36. Nxg4 Nd6 37. Nxe5 Bxe4 38. Bxe4 Nxe4 39. Nxf7 Rf8 40. Nh6 Nd6 41. Kf2 Kc5 42. Kf3 Nxf5 43. Rh5 Kc4 44. Nxf5 Kxc3 45. Ke4 Kxc2 46. Rh6 c5 47. Rc6 Ra8 48. Rxc5+ Kb3 49. Nd4+ Kxa3 50. Kd3 Rh8 51. Rc3+ Ka4 52. Rc1 Rh3+ 53. Kc2 Rh2+ 54. Kc3 Rh3+ 55. Kb2 Rh2+ 56. Kc3 Rh3+ 57. Kb2 1/2-1/2

[Event "Titled Tuesday intern op 13th Feb Early"]
[Site "Chess.com INT"]
[Date "2024.02.13"]
[Round "1"]
[White "Orozbaev, Eldiar"]
[Black "Jegorovas, Aleksandras"]
[Result "0-1"]
[WhiteElo "2300"]
[BlackElo "2270"]
[PlyCount "100"]
[EventDate "2024.02.13"]
[EventType "swiss (blitz)"]
[EventRounds "11"]
[EventCountry "USA"]
[SourceTitle "CB08_2024"]
[SourceDate "2024.02.21"]
[SourceVersion "1"]
[SourceVersionDate "2024.02.21"]
[SourceQuality "1"]

1. e4 c6 2. d4 d5 3. exd5 cxd5 4. c4 Nf6 5. Nc3 Nc6 6. Nf3 a6 7. Bg5 Be6 8. Be2 g6 9. 0-0 Bg7 10. Bxf6 Bxf6 11. Qb3 Na5 12. Qa4+ Bd7 13. Qc2 Nxc4 14. Nxd5 Nd6 15. Nc7+ Kf8 16. Nxa8 Qxa8 17. Ne5 Be6 18. Bf3 Kg7 19. Qd2 Nf5 20. Bg4 Rd8 21. Bxf5 Bxf5 22. Rfe1 b5 23. Qf4 Qd5 24. Rad1 h6 25. b3 Bc2 26. Rd2 Bg5 27. Qxg5 hxg5 28. Rxc2 Qxd4 29. Rce2 Qd5 30. Nf3 g4 31. Ne5 f5 32. g3 Rd6 33. Re3 Re6 34. Nxg4 Rxe3 35. Nxe3 Qd2 36. Rd1 Qxa2 37. Rd7 Qxb3 38. Rxe7+ Kf8 39. Ra7 Qa4 40. h4 b4 41. Rb7 b3 42. h5 b2 43. hxg6 Qa1+ 44. Kh2 b1Q 45. g7+ Kg8 46. Rxb1 Qxb1 47. Nd5 Kxg7 48. Nf4 a5 49. Ne6+ Kf6 50. Nc5 Qb5 0-1

[Event "Wch Blitz"]
[Site "Samarkand"]
[Date "2023.12.30"]
[Round "12"]
[White "Kuzubov, Yuriy"]
[Black "Orozbaev, Eldiar"]
[Result "0-1"]
[WhiteElo "2613"]
[BlackElo "2305"]
[PlyCount "106"]
[EventDate "2023.12.29"]
[EventType "swiss (blitz)"]
[EventRounds "21"]
[EventCountry "UZB"]
[SourceTitle "CB01_2024"]
[SourceDate "2024.01.03"]
[SourceVersion "1"]
[SourceVersionDate "2024.01.03"]
[SourceQuality "1"]

1. d4 d5 2. c4 dxc4 3. Nf3 Nf6 4. e3 a6 5. Bxc4 b5 6. Be2 Bb7 7. 0-0 e6 8. a4 b4 9. b3 Nbd7 10. Nbd2 Bd6 11. Bb2 0-0 12. Nc4 Ne4 13. Rc1 Bd5 14. Nfe5 Nxe5 15. dxe5 Be7 16. Qc2 Nc5 17. f3 Qb8 18. e4 Bb7 19. Bd4 Nd7 20. Rfd1 c5 21. Bb2 Rd8 22. Nd6 Bc6 23. Bc4 Nxe5 24. Bxe5 Bxd6 25. Rxd6 Rxd6 26. Be2 Rd1+ 27. Bxd1 Qxe5 28. Qxc5 Qxc5+ 29. Rxc5 Be8 30. Be2 a5 31. Kf2 Kf8 32. e5 Ke7 33. Ke3 Bd7 34. h4 Kd8 35. g4 Rc8 36. Kd4 Rxc5 37. Kxc5 Kc7 38. Bb5 Bc8 39. f4 Bb7 40. f5 Bd5 41. Bc4 Bxc4 42. Kxc4 Kc6 43. h5 exf5 44. gxf5 g5 45. h6 g4 46. Kd4 g3 47. Ke3 Kd5 48. e6 fxe6 49. f6 Kd6 50. Kf3 e5 51. Kxg3 Ke6 52. Kf3 Kxf6 53. Ke4 Ke6 0-1

[Event "Wch Blitz"]
[Site "Samarkand"]
[Date "2023.12.30"]
[Round "15"]
[White "Smirnov, Anton"]
[Black "Orozbaev, Eldiar"]
[Result "1-0"]
[WhiteElo "2586"]
[BlackElo "2305"]
[PlyCount "97"]
[EventDate "2023.12.29"]
[EventType "swiss (blitz)"]
[EventRounds "21"]
[EventCountry "UZB"]
[SourceTitle "CB01_2024"]
[SourceDate "2024.01.03"]
[SourceVersion "1"]
[SourceVersionDate "2024.01.03"]
[SourceQuality "1"]

1. d4 d5 2. c4 dxc4 3. Nf3 Nf6 4. e3 a6 5. Bxc4 b5 6. Be2 Bb7 7. a4 b4 8. Nbd2 e6 9. Nb3 Nbd7 10. 0-0 Bd6 11. Bd2 Ne4 12. Rc1 0-0 13. Na5 Bd5 14. Nc6 Bxc6 15. Rxc6 Ndf6 16. Bd3 a5 17. h3 Qd7 18. Qc2 b3 19. Qc1 Nxd2 20. Nxd2 e5 21. Nxb3 e4 22. Bb5 Qf5 23. Qd1 Rab8 24. Qe2 Nd5 25. Nxa5 Nb4 26. Rc3 Nd5 27. Rcc1 h5 28. Nc4 Bb4 29. Ne5 Rb6 30. Bd7 Qg5 31. Bc6 Ne7 32. Bxe4 Re6 33. f4 Qh6 34. Rxc7 Bd6 35. Rb7 Nc8 36. Bd5 Re7 37. Rxe7 Nxe7 38. Be4 Qe6 39. f5 Qb3 40. f6 gxf6 41. Nd7 Rd8 42. Nxf6+ Kf8 43. Kh1 Rc8 44. Qxh5 Ng8 45. Nxg8 Qc4 46. Qh6+ Ke8 47. Qxd6 Qxf1+ 48. Kh2 Rc7 49. Nf6+ 1-0

[Event "Wch Rapid"]
[Site "Samarkand"]
[Date "2023.12.27"]
[Round "8"]
[White "Orozbaev, Eldiar"]
[Black "Ivic, Velimir"]
[Result "1/2-1/2"]
[WhiteElo "2305"]
[BlackElo "2570"]
[PlyCount "163"]
[EventDate "2023.12.26"]
[EventType "swiss (rapid)"]
[EventRounds "13"]
[EventCountry "UZB"]
[SourceTitle "CB01_2024"]
[SourceDate "2024.01.03"]
[SourceVersion "1"]
[SourceVersionDate "2024.01.03"]
[SourceQuality "1"]

1. e4 c5 2. c3 d5 3. exd5 Nf6 4. Bb5+ Nbd7 5. c4 a6 6. Bxd7+ Qxd7 7. Qe2 e6 8. Nf3 Bd6 9. d4 cxd4 10. dxe6 fxe6 11. Nxd4 0-0 12. Nc3 b5 13. cxb5 axb5 14. Qxb5 Qf7 15. Be3 Ba6 16. Qb6 e5 17. Nf5 Bc7 18. Qc5 Kh8 19. Ne7 Bd8 20. Nc6 Bc7 21. 0-0-0 Bb7 22. Ne7 Ba5 23. b4 Rfe8 24. Nf5 Ne4 25. Nd6 Nxd6 26. Qxd6 Qc4 27. Qc5 Qxb4 28. Qxb4 Bxb4 29. Nd5 Ba3+ 30. Kb1 Ra5 31. Nc7 Be4+ 32. Ka1 Rb8 33. Bb6 h6 34. Rb1 Ra4 35. Rb3 Bc5 36. Bxc5 Rxb3 37. f3 Rc3 38. Bd6 Rc2 39. a3 Bg6 40. Rb1 Rd4 41. Ne6 Ra2+ 42. Kxa2 Bxb1+ 43. Kxb1 Rxd6 44. Nc5 Kg8 45. Kb2 Rd2+ 46. Kb3 Kf7 47. a4 Ke7 48. a5 Kd8 49. a6 Ke7 50. a7 Rd8 51. Na4 Kd6 52. Nb6 Kc5 53. a8Q Rxa8 54. Nxa8 Kd4 55. Nc7 Ke3 56. Kc3 Kf2 57. Kd3 Kxg2 58. Ke4 Kxh2 59. Ne6 g5 60. Kxe5 Kg3 61. Ke4 Kf2 62. Ng7 Kg2 63. Nh5 Kh3 64. Kf5 Kh4 65. Kg6 Kh3 66. Kf5 Kh4 67. Ng7 Kg3 68. Ke4 Kf2 69. Ne6 Kg3 70. Ng7 Kf2 71. Nh5 Ke2 72. Nf6 Kf1 73. Kf5 Kf2 74. Kg4 Kg2 75. Nh5 Kf2 76. Ng3 Kg2 77. Nh5 Kf2 78. Nf6 Kg2 79. Nh5 Kf2 80. Nf4 gxf4 81. Kxf4 h5 82. Kg5 1/2-1/2

[Event "Wch Rapid"]
[Site "Samarkand"]
[Date "2023.12.26"]
[Round "3"]
[White "Smirnov, Anton"]
[Black "Orozbaev, Eldiar"]
[Result "1-0"]
[WhiteElo "2586"]
[BlackElo "2305"]
[PlyCount "63"]
[EventDate "2023.12.26"]
[EventType "swiss (rapid)"]
[EventRounds "13"]
[EventCountry "UZB"]
[SourceTitle "CB01_2024"]
[SourceDate "2024.01.03"]
[SourceVersion "1"]
[SourceVersionDate "2024.01.03"]
[SourceQuality "1"]

1. e4 e6 2. d4 d5 3. exd5 exd5 4. Qf3 Nf6 5. h3 c5 6. dxc5 Bxc5 7. Bd3 Nc6 8. Ne2 Ne5 9. Qg3 Qa5+ 10. Nd2 Nxd3+ 11. Qxd3 Bd7 12. Nc3 0-0-0 13. Nb3 Rhe8+ 14. Be3 Qb4 15. a3 Qh4 16. Nxc5 Rxe3+ 17. Qxe3 Re8 18. N5e4 Nxe4 19. 0-0 Nxc3 20. Qxc3+ Bc6 21. Qxg7 Qd8 22. Rfe1 Rg8 23. Qd4 h5 24. Re3 h4 25. Rae1 f5 26. f4 Kb8 27. Re7 a6 28. R1e6 Rg3 29. Qe5+ Ka7 30. Rxc6 Qg8 31. Rxb7+ Ka8 32. Ra7+ 1-0

[Event "Qingdao SCO Teams 5th"]
[Site "Qingdao"]
[Date "2023.12.17"]
[Round "5.7"]
[White "Orozbaev, Eldiar"]
[Black "Thapa, Krishna"]
[Result "1-0"]
[WhiteElo "2305"]
[BlackElo "1944"]
[PlyCount "69"]
[EventDate "2023.12.17"]
[EventType "team-tourn (rapid)"]
[EventRounds "9"]
[EventCountry "CHN"]
[SourceTitle "CB52_2023"]
[SourceDate "2023.12.27"]
[SourceVersion "1"]
[SourceVersionDate "2023.12.27"]
[SourceQuality "1"]
[WhiteTeam "Kyrgyzstan"]
[BlackTeam "Nepal"]
[WhiteTeamCountry "KGZ"]
[BlackTeamCountry "NEP"]

1. e4 c5 2. c3 d5 3. exd5 Qxd5 4. d4 Nf6 5. Nf3 e6 6. Na3 cxd4 7. Nb5 Na6 8. Nbxd4 Be7 9. Bxa6 bxa6 10. Qa4+ Bd7 11. Qc2 0-0 12. 0-0 Rfd8 13. Re1 Rac8 14. Bf4 Qb7 15. Rad1 Nd5 16. Bg3 Bf6 17. Be5 Be7 18. Qe2 f6 19. Bg3 e5 20. Nb3 Ba4 21. Rd2 Bxb3 22. axb3 Qxb3 23. Qxa6 Bc5 24. Red1 Bb6 25. h4 Rc6 26. Kh2 Rcd6 27. Qe2 Bc7 28. Qe4 Ne7 29. Rxd6 Bxd6 30. Rd2 Qb6 31. Qc4+ Kh8 32. Qe6 Ng8 33. b4 Nh6 34. Kh1 Bb8 35. Qxb6 1-0

[Event "Western Asia-ch U20"]
[Site "Colombo"]
[Date "2023.12.03"]
[Round "6"]
[White "Orozbaev, Eldiar"]
[Black "Harshavardhan, GB."]
[Result "0-1"]
[WhiteElo "2278"]
[BlackElo "2390"]
[PlyCount "116"]
[EventDate "2023.11.30"]
[EventType "swiss"]
[EventRounds "9"]
[EventCountry "SRI"]
[SourceTitle "CB50_2023"]
[SourceDate "2023.12.13"]
[SourceVersion "1"]
[SourceVersionDate "2023.12.13"]
[SourceQuality "1"]

1. e4 e5 2. Nf3 Nc6 3. d4 exd4 4. Nxd4 Bc5 5. Nf5 d5 6. Nxg7+ Kf8 7. Nh5 Qh4 8. Ng3 Nf6 9. Be2 Bg4 10. Nc3 Re8 11. f3 d4 12. Nb5 Nxe4 13. fxe4 Rxe4 14. Bh6+ Kg8 15. Bg5 Rxe2+ 16. Qxe2 Qxg5 17. Qe4 d3 18. cxd3 Kg7 19. Rf1 Rd8 20. Nf5+ Kf8 21. h4 Qg6 22. h5 Qg5 23. Qf4 Bb4+ 24. Nc3 Re8+ 25. Kd2 Re2+ 26. Kc1 Qxf4+ 27. Rxf4 Rxg2 28. Ne3 Rg1+ 29. Rf1 Rxf1+ 30. Nxf1 Bxh5 31. Kd2 Ne5 32. a3 Bc5 33. Ng3 Nf3+ 34. Ke2 Nd4+ 35. Kf1 Nb3 36. Re1 Bg6 37. Nge4 Bd4 38. Kg2 c6 39. Nd6 b6 40. Re8+ Kg7 41. Nc8 Bxd3 42. Nxa7 f5 43. Kf3 b5 44. Rd8 Be4+ 45. Kf4 Bg2 46. Rd7+ Kg8 47. Nc8 Nc5 48. Rxd4 Ne6+ 49. Ke5 Nxd4 50. Kxd4 Kf7 51. Ke5 h5 52. Nd6+ Kg6 53. Nxf5 Kg5 54. b4 Bf3 55. Nd4 Kg4 56. Nce2 Bxe2 57. Nxe2 h4 58. Ke4 h3 0-1

[Event "Western Asia-ch U20"]
[Site "Colombo"]
[Date "2023.12.03"]
[Round "7"]
[White "Orozbaev, Eldiar"]
[Black "Raahul, VS."]
[Result "0-1"]
[WhiteElo "2278"]
[BlackElo "2350"]
[PlyCount "102"]
[EventDate "2023.11.30"]
[EventType "swiss"]
[EventRounds "9"]
[EventCountry "SRI"]
[SourceTitle "CB50_2023"]
[SourceDate "2023.12.13"]
[SourceVersion "1"]
[SourceVersionDate "2023.12.13"]
[SourceQuality "1"]

1. e4 e6 2. d4 d5 3. Nc3 Bb4 4. Nge2 dxe4 5. a3 Bxc3+ 6. Nxc3 Nc6 7. d5 exd5 8. Qxd5 Be6 9. Qxe4 Nf6 10. Qh4 Qd4 11. Qxd4 Nxd4 12. Bd3 0-0-0 13. Bg5 Nb3 14. Rd1 Nc5 15. Bxf6 Nxd3+ 16. Rxd3 gxf6 17. Kd2 Rxd3+ 18. cxd3 Rd8 19. Re1 c5 20. Re3 c4 21. Ne2 Bf5 22. d4 Rd6 23. Rc3 Be6 24. Ke3 Kd7 25. Nf4 Kc6 26. Ke4 b5 27. Rg3 Bd5+ 28. Nxd5 Re6+ 29. Kf3 Kxd5 30. Rh3 Kxd4 31. Rxh7 Kd3 32. Rxf7 Kc2 33. Rxa7 Kxb2 34. Rb7 Re5 35. a4 c3 36. axb5 Rf5+ 37. Ke3 Re5+ 38. Kd3 Rc5 39. Re7 Rd5+ 40. Kc4 Re5 41. Rc7 c2 42. Kb4 c1Q 43. Rxc1 Kxc1 44. b6 Kd2 45. b7 Re8 46. Kc5 Ke2 47. Kc6 Kxf2 48. Kd7 Rh8 49. h4 Kxg2 50. h5 Kg3 51. Ke6 Kg4 0-1

[Event "Western Asia-ch U20"]
[Site "Colombo"]
[Date "2023.11.30"]
[Round "1"]
[White "Orozbaev, Eldiar"]
[Black "Wijerathna, Vinuka Dihain"]
[Result "1-0"]
[WhiteElo "2278"]
[BlackElo "1534"]
[PlyCount "77"]
[EventDate "2023.11.30"]
[EventType "swiss"]
[EventRounds "9"]
[EventCountry "SRI"]
[SourceTitle "CB50_2023"]
[SourceDate "2023.12.13"]
[SourceVersion "1"]
[SourceVersionDate "2023.12.13"]
[SourceQuality "1"]

1. e4 e5 2. Nc3 Nf6 3. d4 exd4 4. Qxd4 Nc6 5. Qd3 Bc5 6. Qg3 Qe7 7. Bd3 d5 8. Bg5 Bd6 9. Qh4 Nb4 10. 0-0-0 Nxd3+ 11. Rxd3 Qe6 12. exd5 Qg4 13. Re3+ Kf8 14. Bxf6 gxf6 15. Qh6+ Qg7 16. Re8+ Kxe8 17. Qxg7 Rf8 18. Nf3 Bf5 19. Nd4 Bg6 20. Qxf6 Kd7 21. Ncb5 Be7 22. Qf4 Bd8 23. h4 h5 24. g4 Rh8 25. gxh5 Rxh5 26. Qg4+ Ke8 27. Ne6 Rxd5 28. Nbxc7+ Bxc7 29. Nxc7+ Kf8 30. Nxd5 Rd8 31. Qb4+ Kg7 32. Qc3+ Kg8 33. Ne7+ Kh7 34. h5 Be4 35. Rg1 f6 36. Qxf6 Rd1+ 37. Kxd1 Bf3+ 38. Kc1 Bxh5 39. Qg7# 1-0

[Event "Titled Tuesday intern op 29th Aug Early"]
[Site "Chess.com INT"]
[Date "2023.08.29"]
[Round "7"]
[White "Orozbaev, Eldiar"]
[Black "Kovalenko, Igor"]
[Result "0-1"]
[WhiteElo "2280"]
[BlackElo "2674"]
[PlyCount "70"]
[EventDate "2023.08.29"]
[EventType "swiss (blitz)"]
[EventRounds "11"]
[EventCountry "USA"]
[SourceTitle "EXT 2024"]
[Source "ChessBase"]
[SourceDate "2023.10.10"]
[SourceVersion "1"]
[SourceVersionDate "2023.10.10"]
[SourceQuality "1"]

1. e4 c5 2. c3 Nf6 3. e5 Nd5 4. d4 cxd4 5. cxd4 d6 6. Nf3 dxe5 7. Nxe5 Nc6 8. Nxc6 bxc6 9. Nc3 e6 10. Bd3 Be7 11. 0-0 0-0 12. Qf3 Rb8 13. Rd1 Bf6 14. Be4 Rb4 15. Ne2 Ba6 16. a3 Bxe2 17. Qxe2 Rxd4 18. Rxd4 Bxd4 19. Bxh7+ Kxh7 20. Qe4+ Kg8 21. Qxd4 Qc7 22. b4 e5 23. Qe4 f5 24. Qc4 Qd7 25. Bb2 Qe6 26. Rd1 Rd8 27. Qc5 Rd7 28. Qc4 Kf7 29. g3 Kg6 30. h4 e4 31. Qe2 f4 32. Rd4 Re7 33. Rc4 f3 34. Qc2 Qh3 35. Rxc6+ Kh7 0-1